[Event "Sao Paulo"]
[Site "Sao Paulo"]
[Date "1978.??.??"]
[Round "9"]
[White "Sosonko, Gennadi"]
[Black "Camara, Helder"]
[Result "1/2-1/2"]
[WhiteElo "2575"]
[BlackElo "2325"]

1.d4 Nf6 2.c4 g6 3.Nc3 Bg7 4.e4 d6 5.Nf3 O-O 6.Be2 e5 7.O-O Nbd7 8.Re1 c6
9.Bf1 Re8 10.d5 c5 11.a3 Rf8 12.g3 h6 13.Qc2 Kh7 14.b4 b6 15.Rb1 Ng8 16.Bd3 Ne7
17.Bd2 Nf6 18.Nh4 Nh5 19.Qd1 Nf6 20.Nb5 Ne8 21.Qc2 Bf6 22.Ng2 Bh3 23.f4 Bg7
24.Kh1 Bd7 25.Nc3 Rc8 26.bxc5 dxc5 27.Nd1 Nd6 28.Bc3 f6 29.fxe5 fxe5 30.Qb2 Nf7
31.Nde3 Bh3 32.Nh4 Nc6 33.Bf1 Bxf1 34.Rxf1 Nd4 35.Qg2 Qd7 36.Nf3 Nd6 37.Nd2  1/2-1/2

[Event "SWE-ch"]
[Site "SWE"]
[Date "1978.??.??"]
[Round "?"]
[White "Niklasson, Christer"]
[Black "Fridh, Anton"]
[Result "1-0"]
[WhiteElo "2340"]
[BlackElo "2285"]

1.d4 Nf6 2.c4 g6 3.Nc3 Bg7 4.e4 d6 5.Be2 O-O 6.Nf3 Nbd7 7.O-O e5 8.Re1 c6
9.Bf1 Re8 10.d5 c5 11.g3 Nf8 12.Bd2 h6 13.a3 g5 14.h3 Ng6 15.Nh2 Bd7 16.Ng4 Nxg4
17.hxg4 a6 18.b4 b6 19.Rb1 Qc7 20.Kg2 Reb8 21.Bd3 b5 22.bxc5 Qxc5 23.cxb5 axb5
24.Rb3 b4 25.Qb1 Bxg4 26.axb4 Qc8 27.Rh1 Qd8 28.Be2 Bxe2 29.Nxe2 Qd7 30.b5 Ne7
31.b6 Rb7 32.Rc1 f5 33.exf5 Nxf5 34.Rc7 Rxc7 35.bxc7 Rc8 36.Ba5 Ne7 37.Nc3 Rf8
38.Qe4 Nc8 39.Rb8 Qf7 40.f3 Qd7 41.Qg4 Rf5 42.Nb5 e4 43.Rxc8+ Qxc8 44.Nxd6 exf3+
45.Kf2  1-0

[Event "SWE-ch"]
[Site "SWE"]
[Date "1978.??.??"]
[Round "?"]
[White "Cramling, Dan"]
[Black "Hammar, Bengt"]
[Result "1/2-1/2"]
[WhiteElo "2355"]
[BlackElo "2385"]

1.c4 Nf6 2.Nc3 g6 3.e4 d6 4.d4 Bg7 5.Nf3 O-O 6.Be2 e5 7.d5 a5 8.Bg5 h6 9.Bh4 Na6
10.Nd2 Qe8 11.a3 Bd7 12.b3 Nh7 13.f3 f5 14.Rb1 Bf6 15.Bf2 f4 16.b4 axb4 17.axb4 Be7
18.c5 dxc5 19.Bxa6 cxb4 20.Bxb7 bxc3 21.Nc4 Ba4 22.Qd3 c2 23.Rc1 Rb8 24.Bc6 Bb4+
25.Ke2 Bxc6 26.dxc6 Qe6 27.Qxc2 Rfe8 28.Qa4 Nf6 29.Rhd1 Bf8 30.Kf1 Ra8 31.Qb5 g5
32.Nd2 Kf7 33.Rb1 g4 34.Qc4 Red8 35.Bh4 gxf3 36.gxf3 Ra2 37.Qxe6+ Kxe6 38.Nc4 Rxd1+
39.Rxd1 Rc2 40.Na5 Bb4 41.Nb7 Be7 42.Nd8+  1/2-1/2

[Event "CAN-ch/zt"]
[Site "Toronto"]
[Date "1978.??.??"]
[Round "9"]
[White "Nickoloff, Bryon"]
[Black "Green Krotki, J."]
[Result "0-1"]
[WhiteElo "2280"]
[BlackElo "2200"]

1.Nf3 Nf6 2.c4 g6 3.Nc3 Bg7 4.e4 d6 5.d4 O-O 6.Be2 e5 7.O-O Nbd7 8.Re1 c6
9.Bf1 Ng4 10.Bg5 f6 11.Bc1 exd4 12.Nxd4 f5 13.h3 Nxf2 14.Kxf2 Qb6 15.Ne2 fxe4+
16.Kg1 Ne5 17.Qb3 Nd3 18.Be3 Nxe1 19.Rxe1 Qxb3 20.axb3 Bd7 21.Nc3 Rae8 22.Nde2 a6
23.g3 b5 24.Bg2 b4 25.Na4 c5 26.Nb6 Bc6 27.Rd1 Rf3 28.Bc1 Rd3 29.Rd2 Rxd2
30.Bxd2 Bxb2 31.Nf4 Bd4+ 32.Kh2 a5 33.Ne2 e3 34.Be1 Bxg2 35.Kxg2 Rb8 36.Na4 d5
37.cxd5 Rd8 38.Nb6 Rb8 39.Na4 Rd8 40.Nb6 Rd6 41.Nc4 Rxd5 42.Nxa5 Bf6 43.g4 Rd3
44.Bg3 Bd8 45.Nc4 Rxb3 46.Bd6 Rb1 47.Bxc5 Bf6 48.Bxe3 b3 49.g5 Bg7 50.Kf3 b2
51.Nxb2 Bxb2 52.Bf4 Kf7 53.h4 Ke6 54.Kg4 Be5 55.h5 Rb4 56.hxg6 hxg6 57.Kf3 Bxf4
58.Nxf4+ Kf5 59.Nh3 Rb3+ 60.Kg2 Kg4 61.Nf2+ Kxg5 62.Ne4+ Kf4 63.Nc5 Rc3 64.Ne6+ Kg4
65.Nd4 Rd3 66.Nc6 Rd2+ 67.Kf1 g5 68.Ne5+ Kg3 69.Nc4 Ra2 70.Nd6 g4 71.Ne4+ Kh2  0-1

[Event "CAN-ch/zt"]
[Site "Toronto"]
[Date "1978.??.??"]
[Round "14"]
[White "Kirton, Neil"]
[Black "Lipnowski, Irvin"]
[Result "1/2-1/2"]
[WhiteElo "2200"]
[BlackElo "2390"]

1.d4 Nf6 2.c4 d6 3.Nc3 g6 4.e4 Bg7 5.Be2 O-O 6.Nf3 e5 7.dxe5 dxe5 8.Qxd8 Rxd8
9.Bg5 Re8 10.Rd1 Nc6 11.Nd5 Nxd5 12.cxd5 Nd4 13.Rc1 c6 14.dxc6 bxc6 15.Bc4 Bd7
16.O-O a5 17.Rfd1 Bg4 18.Rc3 h6 19.Bc1 Red8 20.Rcd3 Bxf3 21.gxf3 Nxf3+ 22.Kg2 Rxd3
23.Bxd3 Nd4 24.Be3 c5 25.Rc1 Bf8 26.Bxd4 exd4 27.f4 Rb8 28.Rc2 g5 29.Kf3  1/2-1/2

[Event "Wellington"]
[Site "Wellington"]
[Date "1978.??.??"]
[Round "?"]
[White "Chandler, Murray G"]
[Black "Torre, Eugenio"]
[Result "1/2-1/2"]
[WhiteElo "2390"]
[BlackElo "2490"]

1.d4 Nf6 2.c4 g6 3.Nc3 Bg7 4.e4 d6 5.Be2 O-O 6.Nf3 e5 7.O-O Nbd7 8.Qc2 c6
9.Rd1 Qc7 10.b4 exd4 11.Nxd4 a5 12.bxa5 Qxa5 13.Nb3 Qe5 14.Be3 Re8 15.Bd4 Qe7
16.f3 Nc5 17.Qd2 Ne6 18.Be3 Nd7 19.Rac1 Bf8 20.f4 Nec5 21.Bf3 Nb6 22.Qd4 Nbd7
23.Qd2 Nb6 24.Qd4 Ra6 25.Rb1 Bg7 26.Qxd6 Qxd6 27.Rxd6 Nxb3 28.Bxb6 Rxb6 29.Na4 Nd2
30.Rxb6 Nxc4 31.Rd1 Nxb6 32.Nxb6 Be6 33.e5 Bxa2 34.Rd7 Rb8 35.Rc7 Be6 36.Kf2 Bf8
37.Nd7 Bxd7 38.Rxd7 Bc5+ 39.Ke2 Kf8 40.h3 Ke8 41.e6 Be7 42.Rxb7  1/2-1/2

[Event "Hoogovens"]
[Site "Wijk aan Zee"]
[Date "1978.??.??"]
[Round "?"]
[White "Panno, Oscar"]
[Black "Kavalek, Lubomir"]
[Result "1/2-1/2"]
[WhiteElo "2580"]
[BlackElo "2570"]

1.d4 Nf6 2.c4 g6 3.Nc3 Bg7 4.e4 d6 5.Nf3 O-O 6.Be2 e5 7.d5 a5 8.Bg5 h6 9.Bh4 Na6
10.Nd2 Bd7 11.Rb1 Qe8 12.b3 Nh7 13.f3 h5 14.a3 Nc5 15.Qc2 Bh6 16.Nb5 Na6
17.b4 axb4 18.axb4 f5 19.Bf2 Qe7 20.O-O h4 21.Kh1 Qg5 22.Be1 Nf6 23.f4 exf4
24.Nf3 Qh5 25.Ne5 Qg5 26.Nf3 Qh5 27.Ne5 Qg5  1/2-1/2

[Event "Zamardi"]
[Site "Zamardi"]
[Date "1978.??.??"]
[Round "?"]
[White "Pinter, Jozsef"]
[Black "Bielczyk, Jacek"]
[Result "1/2-1/2"]
[WhiteElo "2430"]
[BlackElo "2380"]

1.d4 Nf6 2.c4 d6 3.Nc3 Nbd7 4.Nf3 g6 5.e4 e5 6.Be2 Bg7 7.O-O O-O 8.Be3 Ng4
9.Bg5 f6 10.Bd2 c6 11.Qc2 f5 12.dxe5 Ndxe5 13.Nxe5 dxe5 14.Bxg4 fxg4 15.Rad1 Qe7
16.Be3 Be6 17.b3 Rfd8 18.Rxd8+ Qxd8 19.Rd1 Qe7 20.Qd2 Bf6 21.Na4 b6 22.Qd6 Rd8
23.Qxd8+ Qxd8 24.Rxd8+ Bxd8 25.Nb2 Kf7 26.Nd3 Bc7 27.Kf1 Bc8 28.Ke2 Ke6 29.Bh6 Bd6
30.Bg7 h5 31.g3 Bb7 32.Kd2 Ba8 33.a3 Bb7 34.Ke3 a5 35.a4 Ba6 36.Kd2 Bb7 37.Bh6 Bb4+
38.Nxb4 axb4 39.Bf8 c5 40.Ke3 Bc6 41.Kd3 Be8 42.Bh6 Kd6 43.Bg5 Bd7 44.Bd8 Kc6
45.Ke3 Be6  1/2-1/2

[Event "Schacknytts Jubileumsturnering"]
[Site "Malmo"]
[Date "1979.12.01"]
[Round "6"]
[White "Stean, Michael"]
[Black "Nemet, Ivan"]
[Result "1/2-1/2"]
[WhiteElo "2540"]
[BlackElo "2470"]

1.d4 Nf6 2.c4 g6 3.Nc3 Bg7 4.e4 d6 5.Nf3 O-O 6.Be2 e5 7.dxe5 dxe5 8.Qxd8 Rxd8
9.Bg5 Na6 10.Nd5 Rd6 11.Nxf6+ Bxf6 12.Bxf6 Rxf6 13.Nxe5 Re6 14.f4 Re8 15.Bf3 f6
16.Nd3 Bf5 17.Nf2 Nc5 18.O-O-O Nxe4 19.Rhf1  1/2-1/2

[Event "Schacknytts Jubileumsturnering"]
[Site "Malmo"]
[Date "1979.12.06"]
[Round "10"]
[White "Schmidt, Wlodzimierz"]
[Black "Westerinen, Heikki MJ"]
[Result "1-0"]
[WhiteElo "2430"]
[BlackElo "2465"]

1.d4 Nf6 2.c4 g6 3.Nc3 Bg7 4.e4 d6 5.Be2 O-O 6.Nf3 e5 7.O-O Nbd7 8.Re1 c6
9.Bf1 a5 10.Rb1 Re8 11.d5 Nc5 12.b3 Bd7 13.dxc6 Bxc6 14.Qc2 Rc8 15.Ba3 Nfd7
16.Rbd1 Qf6 17.Nd5 Qe6 18.Ng5 Qg4 19.Bc1 Nf6 20.Be2 Qd7 21.Nb6 Qc7 22.Nxc8 Rxc8
23.Bd3 Qb6 24.Bd2 Ng4 25.Nh3 Rf8 26.Bc3 Bd7 27.Qe2 f5 28.exf5 gxf5 29.Bc2 Nf6
30.Kh1 Nfe4 31.Ba1 Be8 32.f3 Bh5 33.g4 fxg4 34.fxe4 Ne6 35.Rf1 Qd8 36.Rxf8+ Bxf8
37.Rg1 Qh4 38.Qf1 Bg6 39.Nf2 h5 40.Bc3 Bh6 41.Be1 Qg5 42.Bc3 Qe3 43.Rg3 Qc5
44.Qe1 Bg5 45.Bxa5 Bh4 46.Bd2 Bxg3 47.hxg3 d5 48.cxd5 Qxc2 49.dxe6 Qxa2 50.Qe3 Qa6
51.e7 Qd6 52.Qh6 Qc6 53.Qf8+ Kh7 54.Bh6  1-0

[Event "IBM-B"]
[Site "Amsterdam"]
[Date "1979.??.??"]
[Round "1"]
[White "Langeweg, Kick"]
[Black "Nemet, Ivan"]
[Result "0-1"]
[WhiteElo "2440"]
[BlackElo "2470"]

1.d4 Nf6 2.c4 g6 3.Nc3 Bg7 4.e4 d6 5.Be2 O-O 6.Nf3 e5 7.O-O Nbd7 8.d5 Nc5
9.Qc2 a5 10.Bg5 h6 11.Be3 Nfd7 12.Nd2 f5 13.exf5 gxf5 14.f4 exf4 15.Bxf4 Ne5
16.Nb3 Ng6 17.Bd2 Nxb3 18.axb3 Bd7 19.Bh5 Ne5 20.g3 c6 21.Rad1 b5 22.cxb5 Qb6+
23.Kg2 cxb5 24.Ne2 Rac8 25.Qb1 a4 26.bxa4 bxa4 27.Nf4 Qb3 28.Kh3 Rc2 29.Bc3 Ng4  0-1

[Event "IBM-B"]
[Site "Amsterdam"]
[Date "1979.??.??"]
[Round "2"]
[White "Spassov, Liuben"]
[Black "Nemet, Ivan"]
[Result "1/2-1/2"]
[WhiteElo "2470"]
[BlackElo "2470"]

1.Nf3 g6 2.d4 Nf6 3.c4 Bg7 4.Nc3 O-O 5.e4 d6 6.Be2 e5 7.Be3 Ng4 8.Bg5 f6
9.Bc1 Nc6 10.O-O exd4 11.Nxd4 Nxd4 12.Qxd4 Kh8 13.Qd1 Nh6 14.Be3 f5 15.Qd2 Ng8
16.exf5 Bxf5 17.Rad1 Nf6 18.Bf3 Bg4 19.Bxg4 Nxg4 20.Bd4 Nf6 21.Rfe1 Qd7 22.c5 Rae8
23.f3 dxc5 24.Rxe8 Qxe8 25.Bxc5 Rg8 26.Qf4 b6 27.Bf2 c5 28.Qc7 g5 29.Re1 Qd8
30.Qxa7 g4 31.Rd1 Qe8 32.f4 g3 33.Bxg3 Nh5 34.Qa4 Qf7 35.Qe4 Nxg3 36.hxg3 Bd4+
37.Kf1 Rxg3 38.Ne2 Re3 39.Qa8+ Re8 40.Qf3 Re3 41.Qg4 Re4 42.g3 Re8 43.Nxd4 cxd4
44.f5 Qc4+ 45.Kg1 Rd8 46.f6 Qc7 47.Rxd4 Qc1+ 48.Kg2 Qc6+ 49.Qe4 Qxf6 50.Rxd8+ Qxd8
51.Qe5+ Kg8 52.a3 h6 53.Kf3 Qd3+ 54.Kf4 b5 55.Kg4 Qg6+ 56.Kh4 Qc6 57.Kh5 Kf7
58.Qf4+ Kg7 59.Qd4+ Kf7 60.Kg4 Qg6+ 61.Kf4 Qc6 62.Qe5 Qc4+ 63.Ke3 Qc1+ 64.Kd3 Qc4+
65.Kd2 Qc6 66.Qc3 Qg2+ 67.Kc1 Qf1+ 68.Kc2 h5 69.Qb3+ Kf6 70.Qd3 Qf2+ 71.Kb3 Kg5
72.Qd8+ Kg6 73.Qg8+ Kh6 74.Qh8+ Kg6 75.Kb4 Qd2+ 76.Kxb5 Qd5+ 77.Kb4 Qd6+
78.Kc4 Qc7+ 79.Kd4 Qd6+ 80.Ke4 Qc6+ 81.Ke3 Qe6+  1/2-1/2

[Event "URS-ch otbor"]
[Site "Beltsy"]
[Date "1979.??.??"]
[Round "?"]
[White "Grigorian, Karen Ashotovich"]
[Black "Foygel, Igor"]
[Result "1-0"]
[WhiteElo "2480"]
[BlackElo "2310"]

1.c4 g6 2.d4 Bg7 3.Nc3 Nf6 4.e4 d6 5.Nf3 O-O 6.Be2 e5 7.O-O Nbd7 8.Qc2 c6
9.d5 c5 10.a3 h6 11.b4 Ne8 12.Nd2 f5 13.exf5 gxf5 14.Nb3 b6 15.Bb2 e4 16.f4 exf3
17.Rxf3 Ne5 18.Rf4 Bf6 19.Re1 Bh4 20.Rd1 Bg5 21.Rff1 a6 22.Kh1 Ra7 23.Na4 Bf6
24.Nd2 Bg7 25.Nf3 Ng4 26.Bc1 Re7 27.Bd3 Bd7 28.Nc3 Ne3 29.Bxe3 Rxe3 30.Rde1 Rxe1
31.Rxe1 Qf6 32.Na4 Qd8 33.bxc5 bxc5 34.Qb3 f4 35.Qb6 Qc8 36.Qa5 Bg4 37.Nb6 Qb7
38.Nh4 Nf6 39.h3 Bh5 40.Re6 Ne8 41.Bg6 f3 42.gxf3 Nf6 43.Nf5 Bxg6 44.Re7 Bxf5
45.Rxb7 Nh5 46.Qe1 Bg6 47.Qe6+ Kh7 48.Qg4 Nf4 49.Kg1 Ne2+ 50.Kg2 Rf5 51.Nd7 h5
52.Qh4 Kh6 53.Qe7 Nf4+ 54.Kh2 Bd4 55.h4 Nd3 56.Nf8 Be5+ 57.Kg2  1-0

[Event "Brighton"]
[Site "Brighton"]
[Date "1979.??.??"]
[Round "?"]
[White "MacDonald Ross, Michael"]
[Black "Goodman, David SC"]
[Result "1/2-1/2"]
[WhiteElo "2265"]
[BlackElo "2340"]

1.d4 g6 2.c4 Bg7 3.Nc3 d6 4.e4 Nf6 5.Nf3 O-O 6.Be2 e5 7.dxe5 dxe5 8.Qxd8 Rxd8
9.Bg5 Re8 10.O-O-O Nc6 11.Nd5 Nxd5 12.cxd5 Nd4 13.Nxd4 exd4 14.Bd3 c5 15.dxc6 bxc6
16.Kb1 Bd7 17.Bf4 Be5 18.Bxe5 Rxe5 19.f4 Ra5 20.Rd2 Be6 21.b3 Rb8 22.Kb2 Rb6
23.Rc1 Rh5 24.g3 a5 25.Bc4 a4 26.Bxe6 fxe6 27.Rxd4 axb3 28.axb3 Rxh2+ 29.Rc2 Rh3
30.Rc3 Rh2+ 31.Ka3 Rh1 32.Rd6 Kf7 33.Rcxc6 Rxc6 34.Rxc6 Re1 35.e5 g5 36.Rc7+ Kg6
37.Re7 gxf4 38.Rxe6+ Kg5 39.gxf4+ Kxf4 40.Rh6 Kxe5 41.Rxh7 Kd6 42.Kb4 Kc6
43.Rh6+ Kb7 44.Rh5  1/2-1/2

[Event "Brighton"]
[Site "Brighton"]
[Date "1979.??.??"]
[Round "?"]
[White "Cummings, David H"]
[Black "MacDonald Ross, Michael"]
[Result "1/2-1/2"]
[WhiteElo "2265"]
[BlackElo "2265"]

1.c4 d6 2.d4 e5 3.Nc3 Nd7 4.Nf3 Ngf6 5.e4 g6 6.Be2 Bg7 7.O-O O-O 8.Re1 c6
9.Bf1 a5 10.Rb1 exd4 11.Nxd4 Re8 12.Bf4 Ne5 13.f3 Nfd7 14.Be3 Nc5 15.h3 Qe7
16.Qd2 a4 17.Rbd1 Ned7 18.Kh1 Qd8 19.Nde2 Qa5 20.Qxd6 a3 21.b3 Nxb3 22.axb3 Bxc3
23.Nxc3 Qxc3 24.Bd4 Qxb3 25.Ba1 Ra5 26.Qc7 Qb4 27.Re3 Ra8 28.Red3 a2 29.Qf4 Qe7
30.Rxd7 Bxd7 31.Rxd7 Qxd7 32.Qf6 Kf8 33.Qg7+  1/2-1/2

[Event "Konex"]
[Site "Buenos Aires"]
[Date "1979.??.??"]
[Round "6"]
[White "Bernat, Miguel"]
[Black "Najdorf, Miguel"]
[Result "0-1"]
[WhiteElo "2410"]
[BlackElo "2515"]

1.d4 Nf6 2.c4 g6 3.Nc3 Bg7 4.e4 d6 5.Nf3 O-O 6.Be2 e5 7.Be3 Ng4 8.Bg5 f6
9.Bd2 Nd7 10.O-O Nh6 11.b4 Nf7 12.Qb3 f5 13.dxe5 Ndxe5 14.exf5 Bxf5 15.Rad1 Nxf3+
16.Bxf3 c6 17.Be3 Be6 18.Ne4 b5 19.Be2 Qe7 20.Nd2 bxc4 21.Qc2 a5 22.a3 axb4
23.axb4 d5 24.Bc5 Qf6 25.Bxf8 Bxf8 26.Nxc4 dxc4 27.Bxc4 Bxb4 28.Qb3 Bxc4
29.Qxc4 Bf8 30.Rfe1 c5 31.h4 Rd8 32.g3 Kg7 33.Rxd8 Qxd8 34.Qg4 h5 35.Qa4 Qd4
36.Qa7 Bd6 37.Re3 Be5 38.Qb7 c4 39.Re4 Qc5 40.Kg2 c3 41.Re1 Bc7 42.Re2 Ne5
43.Qe4 Nc6 44.Kh3 Bd6 45.Ra2 Qf5+  0-1

[Event "Clarin"]
[Site "Buenos Aires"]
[Date "1979.??.??"]
[Round "8"]
[White "Rubinetti, Jorge A"]
[Black "Lombardy, William James"]
[Result "1-0"]
[WhiteElo "2430"]
[BlackElo "2520"]

1.d4 Nf6 2.c4 g6 3.Nc3 Bg7 4.e4 d6 5.Be2 O-O 6.Nf3 Nbd7 7.O-O e5 8.Re1 Re8
9.Bf1 c6 10.Rb1 a5 11.d5 Nc5 12.b3 Bd7 13.a3 cxd5 14.cxd5 Qb8 15.a4 Rc8 16.Nd2 Bh6
17.Nc4 Bxc1 18.Qxc1 Qc7 19.Qe3 Kg7 20.f3 Ne8 21.Na3 f5 22.Bb5 fxe4 23.fxe4 Nf6
24.Nc4 Ra6 25.Bxa6 bxa6 26.h3 Rb8 27.Nd2 Rb4 28.Rf1 Be8 29.Rf3 Qe7 30.Rbf1 Nfd7
31.Nd1 Qh4 32.Nf2 Rd4 33.g3 Qe7 34.Ng4 g5 35.Nf6 h6 36.Nxe8+ Qxe8 37.Qf2 Rxd2
38.Rf7+ Kh8 39.Qxd2 Nxe4 40.Qc2 Ndc5  1-0

[Event "BCF-ch"]
[Site "Chester"]
[Date "1979.??.??"]
[Round "8"]
[White "Knott, Simon JB"]
[Black "Horner, Jeff"]
[Result "0-1"]
[WhiteElo "2210"]
[BlackElo "2390"]

1.c4 e5 2.Nc3 d6 3.Nf3 Nd7 4.d4 g6 5.e4 Bg7 6.Be2 Ngf6 7.O-O O-O 8.d5 h6
9.Ne1 Nh7 10.Be3 f5 11.f3 f4 12.Bf2 g5 13.Nd3 h5 14.c5 Ndf6 15.Rc1 g4 16.cxd6 cxd6
17.Nb5 Rf7 18.Qc2 Ne8 19.Nxa7 g3 20.hxg3 fxg3 21.Bxg3 Rc7 22.Qa4 Bd7 23.Qb3 Rxc1
24.Rxc1 Rxa7 25.Bf2 Ra8 26.a3 Bh6 27.Rc4 b5 28.Rc2 Qg5 29.Nb4 Nf8 30.Nc6 Ng6
31.Bxb5 Nf4 32.Be1 Ng7 33.Bf1 Rf8 34.a4 h4 35.a5 Ngh5 36.a6 Ng3 37.a7 h3
38.Bxg3 Qxg3 39.Ne7+ Kh7 40.Nf5 Bxf5 41.exf5 hxg2 42.Qb7+ Kh8 43.Bxg2 Nxg2
44.a8=Q  0-1

[Event "BCF-ch"]
[Site "Chester"]
[Date "1979.??.??"]
[Round "10"]
[White "Morrison, Graham"]
[Black "Cooper, John Grantley"]
[Result "0-1"]
[WhiteElo "2220"]
[BlackElo "2345"]

1.Nf3 Nf6 2.c4 g6 3.Nc3 Bg7 4.e4 d6 5.d4 O-O 6.Be2 Nbd7 7.O-O e5 8.Qc2 c6
9.Rd1 Qc7 10.Rb1 Re8 11.d5 cxd5 12.cxd5 a6 13.Ne1 b5 14.f3 Nb6 15.a3 Bd7
16.Bf1 Rec8 17.Qf2 Qd8 18.Nc2 Kh8 19.Ne3 Ng8 20.Bd2 f5 21.exf5 gxf5 22.Bd3 Ne7
23.f4 e4 24.Bf1 Qg8 25.Rbc1 Rc5 26.Kh1 Rac8 27.Qe1 Nbxd5 28.Ncxd5 Nxd5 29.Nxd5 Rxd5
30.Rxc8 Qxc8 31.Bb4 Qc6 32.Rc1 Qa8 33.Rc7 Qd8 34.Ra7 Qc8 35.Ba5 Rc5 36.h3 Rc1
37.Qf2 h6 38.Kh2 Qc5 39.Qxc5 dxc5 40.Rxd7 Rxf1 41.Rd8+  0-1

[Event "Copenhagen AS04"]
[Site "Copenhagen"]
[Date "1979.??.??"]
[Round "7"]
[White "Djuric, Stefan"]
[Black "Westerinen, Heikki MJ"]
[Result "0-1"]
[WhiteElo "2415"]
[BlackElo "2465"]

1.Nf3 Nf6 2.c4 g6 3.Nc3 Bg7 4.e4 d6 5.d4 O-O 6.Be2 e5 7.d5 a5 8.Be3 Ng4 9.Bg5 f6
10.Bh4 Qe8 11.h3 Nh6 12.Nd2 f5 13.g4 Na6 14.a3 Kh8 15.f3 Bd7 16.b3 Ng8 17.Bd3 Bh6
18.Qe2 Bf4 19.O-O-O Nc5 20.Bc2 Ra6 21.gxf5 Rb6 22.fxg6 Qxg6 23.Kb2 Qh5 24.Bf2 Ne7
25.Rhg1 Ng6 26.Nf1 Bh6 27.Rg3 Nf4 28.Qe1 Rxb3+ 29.Ka2 Rxc3 30.Qxc3 Ne2 31.Qxa5 b6
32.Qe1 Nxg3 33.Nxg3 Qxf3 34.Nf5 Ba4 35.Bxa4 Nxa4 36.Bh4 Rxf5 37.exf5 Nc3+
38.Ka1 Nxd1 39.Qg3 Qxg3 40.Bxg3 Ne3  0-1

[Event "URS-FL"]
[Site "Frunze"]
[Date "1979.??.??"]
[Round "8"]
[White "Grigorian, Karen Ashotovich"]
[Black "Kochyev, Alexander"]
[Result "1-0"]
[WhiteElo "2480"]
[BlackElo "2545"]

1.c4 g6 2.d4 Bg7 3.Nc3 d6 4.e4 e5 5.Nf3 Nd7 6.Be2 Ngf6 7.O-O O-O 8.Qc2 c6
9.Rd1 Qe7 10.d5 c5 11.Bg5 h6 12.Bh4 h5 13.Bg5 a6 14.g3 Qe8 15.Nh4 Nh7 16.Be3 Bf6
17.Ng2 Be7 18.Bd3 Kh8 19.Rab1 Ndf6 20.f3 Bd7 21.b4 b6 22.a4 a5 23.bxc5 bxc5
24.Rb6 Qd8 25.Rdb1 Ne8 26.Qd2 Bf6 27.f4 exf4 28.gxf4 Bg7 29.Kh1 Nhf6 30.e5 Ng4
31.Ne4 dxe5 32.Bxc5 exf4 33.Bxf8 Bxf8 34.Qxf4 Bh6 35.Qxf7 Bf5 36.Rxg6 Bxg6
37.Qxg6 Qe7 38.h3  1-0

[Event "GER-N chT 7879"]
[Site "?"]
[Date "1979.??.??"]
[Round "?"]
[White "Hess, Ralf"]
[Black "Cording, Harm"]
[Result "1-0"]
[WhiteElo "2335"]
[BlackElo "2250"]

1.Nf3 Nf6 2.c4 g6 3.Nc3 Bg7 4.e4 d6 5.d4 O-O 6.Be2 e5 7.Be3 Ng4 8.Bg5 f6
9.Bh4 c6 10.Qd2 Qe7 11.h3 Nh6 12.Rd1 Na6 13.O-O Nf7 14.c5 dxc5 15.dxe5 Nc7
16.exf6 Bxf6 17.Bxf6 Qxf6 18.Qe3 Ne6 19.Bc4 Kg7 20.e5 Qf5 21.Bxe6 Bxe6 22.Qxc5 Rae8
23.Qxa7 Qh5 24.Qd4 Rd8 25.Qe3 Rde8 26.Rfe1 Bc8 27.Qd4 Kg8 28.Ne4 Nxe5 29.Nxe5  1-0

[Event "EU-ch U20"]
[Site "Groningen"]
[Date "1979.??.??"]
[Round "?"]
[White "Hjartarson, Johann"]
[Black "Gazik, Igor"]
[Result "1-0"]
[WhiteElo "2270"]
[BlackElo "2460"]

1.d4 Nf6 2.c4 g6 3.Nc3 Bg7 4.e4 d6 5.Nf3 O-O 6.Be2 e5 7.dxe5 dxe5 8.Qxd8 Rxd8
9.Bg5 Re8 10.Nd5 Nxd5 11.cxd5 c6 12.Bc4 cxd5 13.Bxd5 Nc6 14.Rc1 Nb4 15.Bc4 Be6
16.a3 Nc6 17.Nd2 Nd4 18.Bxe6 Rxe6 19.f3 Rb6 20.b4 a5 21.Nc4 Rc6 22.Kf2 axb4
23.axb4 Ra2+ 24.Nd2 Bf8 25.Rxc6 bxc6 26.Rb1 Nc2 27.Kg3 Kg7 28.Nc4 Nxb4 29.Nxe5 c5
30.Nd7 f5 31.e5 Re2 32.Ra1 Na2 33.Rb1 Nb4 34.Rc1 Nd3 35.Ra1 Ne1 36.Ra7 Rxg2+
37.Kf4 Nd3+ 38.Ke3 Rxg5 39.Nf6+ Be7 40.Rxe7+ Kf8 41.Re8+ Kf7 42.Kxd3 Rg2
43.Rc8 Rxh2 44.Rxc5 g5 45.Rc6 Rh1 46.Ke2 Rh2+ 47.Ke3 Rh1 48.Kf2 Kg7 49.Nd5 Rh2+
50.Ke3 Rh1 51.e6 g4 52.fxg4 fxg4 53.Kf4 h5 54.e7 Re1 55.Rc8  1-0

[Event "EU-ch U20"]
[Site "Groningen"]
[Date "1979.??.??"]
[Round "?"]
[White "Fries Nielsen, Jens Ove"]
[Black "Borghi, Humberto"]
[Result "1-0"]
[WhiteElo "2310"]
[BlackElo "2395"]

1.d4 Nf6 2.c4 g6 3.Nc3 Bg7 4.e4 d6 5.Nf3 O-O 6.Be2 e5 7.O-O Nbd7 8.Be3 Re8
9.d5 Nh5 10.g3 Nf8 11.Kh1 f5 12.exf5 gxf5 13.Nxe5 Nxg3+ 14.fxg3 dxe5 15.Bd3 e4
16.Bc2 b6 17.Ba4 Bd7 18.Bxd7 Qxd7 19.Qh5 Ng6 20.Rxf5 Ne5 21.Raf1 Rf8 22.Rxf8+ Rxf8
23.Rxf8+ Kxf8 24.Bd4 Nxc4 25.Qxh7 Qf7 26.Bxg7+ Qxg7 27.Qxe4 Nxb2 28.Qb4+  1-0

[Event "Hillerod"]
[Site "Hillerod"]
[Date "1979.??.??"]
[Round "2"]
[White "Riis, Soren"]
[Black "Nielsen, Bjorn"]
[Result "0-1"]
[WhiteElo "2200"]
[BlackElo "2200"]

1.d4 Nf6 2.c4 g6 3.Nc3 Bg7 4.e4 d6 5.Nf3 O-O 6.Be2 e5 7.dxe5 dxe5 8.Qxd8 Rxd8
9.Bg5 Re8 10.O-O-O h6 11.Bxf6 Bxf6 12.Nd5 Bd8 13.Ne3 Nc6 14.g4 Be6 15.h4 a5
16.h5 g5 17.Rd2 a4 18.Nf5 Kh7 19.Ne1 a3 20.b3 Bxf5 21.gxf5 Nd4 22.Nc2 Bf6
23.Kb1 Red8 24.Ne3 c6 25.Rg1 Be7 26.Bd1 Bb4 27.Rd3 Nb5 28.Nd5 cxd5 29.cxb5 dxe4
30.Re3 Rd2 31.Bc2 Rc8 32.Rc1 Rxf2 33.f6 Kg8 34.Rxe4 Bd2 35.Rd1 Bf4 36.Rc4 Re8
37.Rc7 e4 38.Rxb7 e3 39.Re7 Rc8 40.Bd3 Rb2+ 41.Ka1 Rd2 42.Rxd2 exd2  0-1

[Event "Lloyds Bank op"]
[Site "London"]
[Date "1979.??.??"]
[Round "6"]
[White "Hillyard, Graham D"]
[Black "Pliester, Leon"]
[Result "0-1"]
[WhiteElo "2325"]
[BlackElo "2200"]

1.d4 Nf6 2.c4 g6 3.Nc3 Bg7 4.e4 d6 5.Be2 O-O 6.Nf3 e5 7.d5 Nbd7 8.O-O Nc5
9.Qc2 a5 10.Bg5 h6 11.Be3 Nh5 12.g3 b6 13.Nd2 Bh3 14.Rfe1 f5 15.Bxh5 gxh5
16.Bxc5 bxc5 17.exf5 Bxf5 18.Nde4 h4 19.Qe2 Qd7 20.Qh5 hxg3 21.hxg3 Bg4 22.Qh4 Rab8
23.b3 Bf3 24.Re3 Rf5 25.Rxf3 Rxf3 26.Rd1 Rbf8 27.Kg2 Qf5 28.g4 Qf4 29.Kg1 h5
30.Qxh5  0-1

[Event "Lone Pine op"]
[Site "Lone Pine"]
[Date "1979.??.??"]
[Round "8"]
[White "Olafsson, Helgi"]
[Black "Grefe, John A"]
[Result "1-0"]
[WhiteElo "2440"]
[BlackElo "2400"]

1.c4 Nf6 2.Nf3 g6 3.Nc3 Bg7 4.e4 d6 5.d4 O-O 6.Be2 e5 7.dxe5 dxe5 8.Qxd8 Rxd8
9.Bg5 Re8 10.Nd5 Nxd5 11.cxd5 c6 12.Bc4 cxd5 13.Bxd5 Nc6 14.Rc1 Nb4 15.Bc4 Be6
16.Bxe6 Rxe6 17.Rc7 f5 18.Ke2 fxe4 19.Nd2 Nd5 20.Rc4 Nf4+ 21.Bxf4 exf4 22.Rxe4 Ra6
23.a4 Rc8 24.b3 Rc2 25.Rc4 Re6+ 26.Kd3 Rb2 27.Rc8+ Bf8 28.Rd8 Kf7 29.Rb1 Ra2
30.Ne4 Be7 31.Rd7 Rb6 32.Re1 Kf8 33.Rxe7  1-0

[Event "Lone Pine op"]
[Site "Lone Pine"]
[Date "1979.??.??"]
[Round "9"]
[White "Olafsson, Helgi"]
[Black "Biyiasas, Peter"]
[Result "1/2-1/2"]
[WhiteElo "2440"]
[BlackElo "2485"]

1.c4 g6 2.Nc3 d6 3.d4 Bg7 4.e4 Nf6 5.Be2 O-O 6.Nf3 e5 7.dxe5 dxe5 8.Qxd8 Rxd8
9.Bg5 Re8 10.Nd5 Nxd5 11.cxd5 c6 12.Bc4 cxd5 13.Bxd5 Na6 14.Ke2 Nc7 15.Bc4 Be6
16.Rhc1 Bxc4+ 17.Rxc4 Ne6 18.Be3 h6 19.g3 Red8 20.h4 a6 21.Rac1 f6 22.a4 Bf8
23.Bb6 Rd7 24.h5 gxh5 25.Nh4 Ng7 26.Rc8 Rxc8 27.Rxc8 Kf7 28.Be3 Ne8 29.Nf5 Rc7
30.Rd8 Rc2+ 31.Kd3 Rxb2 32.Rd7+ Ke6 33.Rd8 Kf7 34.Rd7+  1/2-1/2

[Event "Munich"]
[Site "Munich"]
[Date "1979.??.??"]
[Round "?"]
[White "Robatsch, Karl"]
[Black "Sigurjonsson, Gudmundur"]
[Result "1-0"]
[WhiteElo "2435"]
[BlackElo "2490"]

1.c4 Nf6 2.Nc3 g6 3.e4 d6 4.d4 Bg7 5.Nf3 O-O 6.Be2 e5 7.Be3 Nbd7 8.O-O a5
9.dxe5 dxe5 10.Nd2 Ne8 11.c5 Bf6 12.Nd5 Bg5 13.Bxg5 Qxg5 14.Nf3 Qd8 15.Rc1 Ng7
16.c6 bxc6 17.Rxc6 Bb7 18.Rc2 Ne6 19.Rd2 Nec5 20.Qc2 Re8 21.Rfd1 Kg7 22.Ne1 h5
23.f3 Ba6 24.Bxa6 Rxa6 25.Qc3 Qb8 26.Nd3 Nxd3 27.Rxd3 Qa7+ 28.Kh1 Nc5 29.R1d2 c6
30.Ne3 f6 31.Nc4 Re7 32.Nd6 Rd7 33.Ne8+ Kf7 34.Rxd7+ Nxd7 35.Nd6+ Kg7 36.Qc4 Nc5
37.Nc8  1-0

[Event "Naleczow"]
[Site "Naleczow"]
[Date "1979.??.??"]
[Round "9"]
[White "Luczak, Andrzej"]
[Black "Vogt, Lothar"]
[Result "1-0"]
[WhiteElo "2440"]
[BlackElo "2500"]

1.d4 Nf6 2.c4 g6 3.Nc3 Bg7 4.e4 d6 5.Be2 O-O 6.Nf3 e5 7.O-O Nbd7 8.Re1 c6
9.Bf1 exd4 10.Nxd4 Re8 11.Nc2 Ne5 12.h3 Be6 13.Ne3 Nh5 14.g3 Qf6 15.f4 Nxg3
16.fxe5 Qh4 17.exd6 Nxf1 18.Rxf1 Bxh3 19.Ng2 Bxg2 20.Kxg2 Bxc3 21.Rf4 Qe1
22.Qxe1 Bxe1 23.Be3 Bb4 24.c5 b6 25.Raf1 Rf8 26.e5 Bxc5 27.Bxc5 bxc5 28.d7 f5
29.e6 Rfd8 30.Re1 Kg7 31.e7 Rxd7 32.e8=Q Rxe8 33.Rxe8 Rb7 34.b3 Kf6 35.Rc4 Rd7
36.Re2 Kg5 37.Rxc5 Kg4 38.Rxc6 f4 39.Rc4 g5 40.Rec2 h5 41.Rc7 Rd3 42.R7c3 Rd1
43.Kh2 Kf5 44.Rc5+  1-0

[Event "Naleczow"]
[Site "Naleczow"]
[Date "1979.??.??"]
[Round "10"]
[White "Schussler, Harry"]
[Black "Plachetka, Jan"]
[Result "1/2-1/2"]
[WhiteElo "2460"]
[BlackElo "2445"]

1.c4 Nf6 2.Nc3 g6 3.e4 e5 4.Nf3 d6 5.d4 Nbd7 6.Be2 Bg7 7.O-O O-O 8.Re1 c6
9.Bf1 h6 10.h3 Nh7 11.g3 Ng5 12.Nxg5 hxg5 13.d5 c5 14.a3 a6 15.f3 f5 16.g4 fxg4
17.hxg4 Bf6  1/2-1/2